Trendy v controllingu

Kontroling ako flexibilný nástroj riadenia podniku, ktorý je schopný prispôsobovať sa meniacemu prostrediu a tiež požiadavkám jeho používateľov. Poskytovanie relevantných informácií pre rozhodovanie manažmentu. Úloha a vnímanie kontrolingu v budúcnosti.

Gespeichert in:
Bibliographische Detailangaben
1. Verfasser: Porubský, Peter
Format: Buchkapitel
Sprache:Slowakisch
Schlagworte:
Tags: Tag hinzufügen
Keine Tags, Fügen Sie das erste Tag hinzu!

MARC

LEADER 00000nla a2200000 4500
001 0152715
005 20240502083347.8
041 0 |a slo 
044 |a CZ 
245 1 0 |a Trendy v controllingu  |c Peter Porubský 
520 |a Kontroling ako flexibilný nástroj riadenia podniku, ktorý je schopný prispôsobovať sa meniacemu prostrediu a tiež požiadavkám jeho používateľov. Poskytovanie relevantných informácií pre rozhodovanie manažmentu. Úloha a vnímanie kontrolingu v budúcnosti. 
610 2 0 |a manažment 
610 2 0 |a nástroje riadenia 
610 2 0 |a riadenie podnikové 
610 2 0 |a metódy organizácie 
610 2 0 |a metódy riadenia 
610 2 0 |a predpisy organizačné 
610 2 0 |a kontroling 
610 2 0 |a kontroling podnikový 
100 1 |a Porubský, Peter